Lean Six Sigma (Record no. 43496)

MARC details
000 -LEADER
fixed length control field 00474nam a22001817a 4500
005 - DATE AND TIME OF LATEST TRANSACTION
control field 20250401125306.0
008 - FIXED-LENGTH DATA ELEMENTS--GENERAL INFORMATION
fixed length control field 250401b |||||||| |||| 00| 0 eng d
020 ## - INTERNATIONAL STANDARD BOOK NUMBER
International Standard Book Number 9781032502595
041 ## - LANGUAGE CODE
Language code of text/sound track or separate title eng
082 ## - DEWEY DECIMAL CLASSIFICATION NUMBER
Classification number 658.4013 STE
100 ## - MAIN ENTRY--PERSONAL NAME
Author Vanzant, Stern Terra
245 ## - TITLE STATEMENT
Title Lean Six Sigma
250 ## - EDITION STATEMENT
Edition statement 3rd
260 ## - PUBLICATION, DISTRIBUTION, ETC.
Place New York
Publisher Roultedge
Publication Year 2024
300 ## - PHYSICAL DESCRIPTION
Extent 331;. pages: 25 cm
650 ## - SUBJECT ADDED ENTRY--TOPICAL TERM
Subject Business Logistics; Six sigma (Quality control standard)
942 ## - ADDED ENTRY ELEMENTS (KOHA)
Koha item type Books
Holdings
Withdrawn status Lost status Source of classification or shelving scheme Damaged status Not for loan Home library Current library Shelving location Accession Date Vendor Price Bill number Total Checkouts Full call number Barcode No Date last seen Discount Bill Date Koha item type Suggested By
    Dewey Decimal Classification     IMTN IMTN Rack 27-B 03/26/2025 Raghav Books Private Limited 4450.89 2374   658.4013 STE 33781 04/01/2025 33 02/14/2025 Books Dr. Mantha Raghu (Head Librarian)
Designed & Maintained by: LRC IMT Nagpur Contact: lrc@imtnag.ac.in© 2024. All Rights Reserved.